000
00361nam a2200133Ia 4500
008
231129s9999||||xx |||||||||||||| ||spa||
020
_a
84-8280-393-X
040
_b
spa
082
_a
I823 G796m
100
_a
Greene Graham
245
0
_a
El ministerio del miedo
264
_a
La Oveja Negra-Seix Barral
942
_2
ddc
_c
BKS
999
_c
11701
_d
11701